Film français : L'été de nos quinze ans - Statistiques

Statistiques générales
  • Ce quiz a été pris 3 fois
  • Le résultat moyen est 10 sur 16
Statistiques - réponses
Questions Réponses % Correct
Année de sortie du film. 1983
100%
Ville de Normandie connue pour son festival du film américain, ville dans laquelle se déroule la première partie de l'histoire du film. Deauville
100%
Peuple nomade qui vient "des plaines d'Asie centrale" que rencontrent François, Malène et Caroline. Leur pèlerinage a lieu chaque année au mois de mai dans la ville précédente. Les Gitans
100%
Acteur surtout connu comme chanteur qui joue le rôle d'André. Michel Sardou
100%
Animal qu'affronte François au cours de ce spectacle. Un taureau
100%
Actrice qui joue le rôle de Martine. Elle est aussi connue pour le rôle d'Alice Ancelin dans "Le Professionnel" de Georges Lautner, aux côtés de Jean-Paul Belmondo. Cyrielle Clair
67%
Région naturelle du sud de la France, délimitée grosso modo par le delta du Rhône, région où se déroule une bonne partie de la seconde partie du film. La Camargue
67%
Vent qui faillit emporter Malène sur le Rhône. Le mistral
67%
Actrice non créditée, habituée des films de Georges Lautner comme "Ne nous fâchons pas" qui fait une courte apparition en tant que cliente d'hôtel, jouant son propre rôle. Mireille Darc
67%
Acteur habitué des films de Michel Audiard ("Les Tontons flingueurs", "Le Cave se rebiffe", etc.) et patron du journal de Fandor dans la saga des "Fantomas", acteur qui fait une apparition comme paysan sujet à des vertiges dans le film. Robert Dalban
67%
Ville située "de l'autre côté du Rhône" dans l'actuelle région d'Occitanie, ville vers laquelle François et Malène entreprennent de se diriger pour faire un vœu ensemble. Ville connue pour sa "Tour de Constance". Aigues-Mortes
33%
Spectacle typique de la région (réponse #7) auquel assistent François et Malène. François décide même de participer au spectacle. La Course camarguaise
33%
Capitale officieuse de cette région en bord de mer où séjournent alors André et son fils François. Les Saintes-Maries-de-la-Mer
33%
Réalisateur et coscénariste du film. Marcel Jullian
33%
Attribut qu'attrapa François sur l'animal précédent au cours du spectacle. Une cocarde
33%
Dispositif au moyen duquel François s'est jeté dans les airs pour tomber dans la piscine de la propriété des parents de Malène et au bord de laquelle se trouvait Malène qu'il n'avait plus vu depuis dix ans. Un parachute
33%
Aucun quiz correspondant
Distribution des résultats
% des personnes avec chaque résultat
Percentile par nombre de réponses
Votre historique - résultats
Vous n’avez pas pris ce quiz